00754nam a2200193Ia 4500001001000000003000500010008004100015010001100056040000900067100002700076245019000103260003500293300001000328502008700338650001500425650002800440650003900468710005300507Para_1349CHAP220125s1998 xx 000 0 und d a200057 cCHAP aGómez Jaimes, Rafael aEvaluación del Metalaxyl M. en mezcla con clorotalonil y mancozeb para el control del tizón tardio del jitomate Phytophthora infestans (Mont), de Bary /c por Rafael Gómez Jaimes aChapingo, Méx. :b El autor a60 h. aTesis (Ing. Agr. Esp. en Parasitología Agrícola), UACh. Depto. Parasitología aFungicidas aPhytophthora infestans  aTomate x enfermedades por hongos  aUACh. Departamento de Parasitología Agrícola